Flags of Subnational Units 15 - Statistics

General Stats
  • This quiz has been taken 27 times
  • The average score is 7 of 20
Answer Stats
Picture Hint Answer % Correct
Papua New Guinea Port Moresby
67%
Netherlands Friesland
61%
USA New Jersey
61%
Albania Tirana
61%
Austria Tyrol
50%
USA Pittsburgh
39%
Germany Rhineland-Palatinate
39%
Brazil Rondônia
39%
Argentina Salta
39%
Brazil Santa Catarina
39%
Italy Umbria
39%
Russia Tver
33%
USA Indianapolis
28%
Italy Trentino-South Tyrol
28%
France Centre-Val de Loire
22%
Belarus Gomel
22%
Argentina Corrientes
17%
Netherlands Lelystad
11%
Pakistan Punjab
11%
Czech Republic Tábor
6%
No matching quizzes found
Score Distribution
Percent of People with Each Score
Percentile by Number Answered
Your Score History
You have not taken this quiz